| 000 | 01086nam0a22002651 4500 | ||
|---|---|---|---|
| 001 | rc\4067163 | ||
| 005 | 20260407061033.0 | ||
| 021 |
_aRU _b[54-33821] |
||
| 035 | _a(NLR Aleph) 008117070 | ||
| 090 |
_a9340786 _c9340786 |
||
| 100 | _a20130415d1954 |||y0rusy50 ca | ||
| 101 | 0 | _arus | |
| 102 | _aRU | ||
| 105 | _ay z ||||| | ||
| 200 | 1 |
_aОпыт работы по методу Судникова на Северо-Кавказской дороге _fСев.-Кавказская ж. д. Техн. отд. и Дор. науч. инж.-техн. о-во |
|
| 210 |
_aРостов-на-Дону _cКн. изд-во _d1954 |
||
| 215 |
_a23 с. _d20 |
||
| 225 | 1 | _aШкола передового опыта работы новаторов-железнодорожников | |
| 606 |
_aЖелезные дороги _xЭксплуатация _2psbo |
||
| 712 | 0 | 2 |
_aСеверо-Кавказская железная дорога _9554478 _3RU\NLR\AUTH\8810027987 |
| 801 | 0 |
_aRU _bNLR _gpsbo |
|
| 801 | 1 |
_aRU _bELAR _2rusmarc |
|
| 852 |
_aNLR _jТ88 Г-4/1129 |
||
| 942 | _cBOOK | ||
| 980 | _aNB | ||